| 000 | 00734nam a2200205 a 4500 | ||
|---|---|---|---|
| 003 | 0 | ||
| 005 | 20250220103923.0 | ||
| 008 | 110617s19uu xx 00 eng d | ||
| 050 |
_aPHS GT 1710 _b.P22 2011 |
||
| 100 | _aPark, So Cheol. | ||
| 245 |
_aFashion sense and fashion consciousness of male and female college students / _cPark So Cheol. |
||
| 260 |
_aLas PiƱas City, Philippines : _bSouthville International School and Colleges, _c2011. |
||
| 300 |
_a35 pages : _billustrations ; _c28 cm. |
||
| 504 | _aIncludes bibliographical references. | ||
| 650 | _aFashion. | ||
| 650 |
_aFashion _xPsychological aspects. |
||
| 650 |
_aClothing and dress _xSocial aspects. |
||
| 650 |
_aCollege students _xAttitudes. |
||
| 942 |
_2lcc _cPASS |
||
| 999 |
_c98511 _d98511 |
||